000 00643nam a22001337a 4500
040 _cRUA
082 _aLMA YAT 2024 B1-398 Or.1
100 _aយ៉ាត់ ច័ន្ទបូរមី YATH CHANBOMEY
245 _aសិក្សាពីការអភិវឌ្ឍដីនៅឃុំជ្រៃលាស់ ស្រុកពញាឮ ខេត្តកណ្តាល STUDY ON LAND DEVELOPMENT IN CHREY LAS COMMUNE, PONHEA LEU DISTRICT, KANDAL PROVINCE
260 _aRUA
_bPHNOM PENH
_c2024
300 _ax
_bill
_c29cm
856 _uhttps://drive.google.com/file/d/13mzMU_zQ-qCAqYSqZqKJwEWi648gxXj5/view?usp=sharing
942 _cLMA
999 _c24910
_d24910